000
00293nam a2200145Ia 4500
100
_a
Wood/ Charles A
942
_c
BK
654
_a
Computer
245
_a
Visual J++
260
_b
Galgotia
_a
New Delhi
_c
1996
082
_a
005.133V
_b
WOO
300
_a
603
546
_a
ENGLISH
999
_c
30172
_d
30172